00848nam a2200217Ia 4500003000900000008004100009020001800050040001600068080002400084111008800108245019100196260004900387300001500436650004100451650002000492650002400512700001800536700001900554700002300573710003400596IN-BaIIA211028s9999 xx 000 0 eng d a3-923524-16-1 cIIA Library a524.522(082.2)bESO aEuropean Southern Observatory Workshop on Primordial HeliumcGermanyd1983 Feb. 2-3 0aPrimordial heliumbproceedings of the ESO workshop held in Garching, Germany, 2-3 Feb 1983cedited by P. A. Shaver, D. Kunth and K. Kjar  aGermanybEuropean Southern Observatoryc1983 avii, 422p. aAstronomy and astrophysics thesaurus aNucleosynthesis aPrimordial fireball aKjar, K., ed. aKunth, D., ed. aShaver, P. A., ed. aEuropean Southern Observatory